|
|
|
|
| LEADER |
00000nam a2200000 a 4500 |
| 001 |
vtls008338978 |
| 003 |
SK-MaSNL |
| 005 |
20260301220932.0 |
| 008 |
231120s1970 xo slo |
| 015 |
|
|
|a SNBA1970/08-01760
|
| 035 |
|
|
|a SK01SNK19700031195
|
| 035 |
|
|
|a urn:nbn:sk:snk-amyg5k
|
| 035 |
|
|
|a urn:nbn:sk:snk-am00cm5c
|
| 035 |
|
|
|a 9DC5EB40-6CB4-4780-A93C-4D8E74B575B4
|
| 035 |
|
|
|a SKM000033658
|
| 040 |
|
|
|a SNK
|b slo
|c SNK
|e AACR2
|
| 041 |
0 |
|
|a slo
|
| 044 |
|
|
|a xo
|
| 080 |
|
|
|a 621.926:622.73:016
|2 1981
|
| 080 |
|
|
|a 016
|2 1981
|
| 100 |
1 |
|
|a Sehnálková, Zuzana
|4 aut
|4 com
|9 266388
|
| 245 |
1 |
0 |
|a Drviace a mlecie zariadenia nerastných surovín
|b (výber. súpis lit.)
|c zost. Zuzana Sehnálková
|
| 260 |
|
|
|a Košice
|b ŠVK
|c 1970
|
| 300 |
|
|
|a 12, [1] s.
|c 8°
|
| 490 |
1 |
|
|a Bibliografické správy ŠVK Košice
|v č. 2563/1970
|
| 500 |
|
|
|a Autor. reg.
|
| 563 |
|
|
|a 150 výtl.
|
| 650 |
0 |
7 |
|a suroviny nerastné
|x drvenie
|x mletie
|x zariadenia mechanizačné
|x bibliografie
|2 SNK
|9 608712
|
| 650 |
0 |
7 |
|a drviče
|x suroviny nerastné
|x bibliografie
|2 SNK
|9 608713
|
| 650 |
0 |
7 |
|a zariadenia mlecie
|x suroviny nerastné
|x bibliografie
|2 SNK
|9 608714
|
| 655 |
|
7 |
|a neperiodické bibliografie
|2 SNKPH
|9 60408
|
| 830 |
|
0 |
|a Bibliografické správy ŠVK Košice
|9 382876
|
| 852 |
|
|
|a Slovenská národná knižnica
|
| 954 |
|
|
|a odborná, vedecká literatúra pôvodná (slovenská)
|2 lita
|
| 958 |
|
|
|a OND
|
| 958 |
|
|
|a RM
|
| 958 |
|
|
|a BQ
|
| 958 |
|
|
|a RK
|
| 958 |
|
|
|a EUIPO
|
| 999 |
|
|
|c 933814
|d 935744
|
| 952 |
|
|
|a SNK
|b SNK
|y VYP
|7 0
|p 17A0569396
|o snkSD 37719 D1
|i snk2008/1649
|8 1
|0 0
|1 0
|4 0
|d 2008-01-22
|l 0
|r 2026-02-24 08:56:22
|w 2026-02-24
|
| 952 |
|
|
|a SNK
|b SNK
|y PREZ
|7 0
|p 17A0799994
|o snkSD 37719
|0 0
|1 0
|4 0
|d 2013-08-13
|f 1
|l 0
|r 2026-02-24 08:56:22
|w 2026-02-24
|